Consenso del Comité de Alto Nivel sobre el Nuevo Régimen de Incentivos Fiscales al Desarrollo Industrial
Guardat en:
| Format: | Text |
|---|---|
| Etiquetes: |
Afegir etiqueta
Sense etiquetes, Sigues el primer a etiquetar aquest registre!
|
MARC
| LEADER | 00000 a a2200000 04500 | ||
|---|---|---|---|
| 001 | 16092 | ||
| 003 | |||
| 040 | |||
| 245 | |a Consenso del Comité de Alto Nivel sobre el Nuevo Régimen de Incentivos Fiscales al Desarrollo Industrial | ||
| 773 | |g número 13; páginas 97-99 | ||
| 999 | |c 27634 |d 27634 | ||
